| 000 | 00845nam a22002777a 4500 | ||
|---|---|---|---|
| 001 | BR9404585 | ||
| 003 | BR-BrBNA | ||
| 005 | 20230928094247.0 | ||
| 007 | ta | ||
| 008 | 230509b bl.||||| |||| 00| 0 por d | ||
| 040 |
_aBR-BrBNA _bpor _cBiblioteca Nacional de Agricultura |
||
| 041 | _a(Por) | ||
| 072 |
_aH01; F01 _b0710 |
||
| 090 | _ 0710 BR9404585 | ||
| 100 | 1 | _aSilva, M.A.M. e | |
| 110 | 1 |
_aSecretaria Nacional de Defesa Agropecuaria, Brasilia, DF (Brasil). Secretaria de Defesa Sanitaria Vegetal _99194 |
|
| 245 | 1 | _aA cultura de maca e o sistema de avisos fitossanitarios em Santa Catarina | |
| 260 | 3 |
_aBrasilia, DF (Brasil): _c1985. |
|
| 300 | _a12 p. | ||
| 650 | _aMaca | ||
| 650 | _aProducao Vegetal | ||
| 650 | _aInspecao Sanitaria | ||
| 650 | _aSanta Catarina | ||
| 909 |
_a202309 _bLucia _c55 _dLucia Elande |
||
| 942 | _cBK | ||
| 999 |
_c49714 _d49714 |
||